[Event "26th Budapest Spring Festival"]
[Site "Budapest HUN"]
[Date "2010.03.19"]
[Round "1"]
[White "Fendrich,Z"]
[Black "Menshikov,A"]
[Result "1-0"]
[WhiteElo "1965"]
[BlackElo "2257"]

1.e4 c5 2.Nf3 Nc6 3.Nc3 g6 4.Bc4 Bg7 5.O-O d6 6.d3 Nf6 7.Re1 Bg4 8.h3 Bxf3
9.Qxf3 O-O 10.Be3 Ne5 11.Qe2 Nxc4 12.dxc4 Qb6 13.Rab1 Qa5 14.Bd2 Qd8 15.Rbd1 Nd7
16.Nd5 e6 17.Nf4 Bxb2 18.c3 Qa5 19.Rb1 Bxc3 20.Rb5 Qxa2 21.Bxc3 Qxe2 22.Nxe2 Nb6
23.Bf6 Rfb8 24.Rc1 Kf8 25.f4 Nd7 26.Bh4 a6 27.Rb2 b5 28.Rd2 b4 29.Rxd6 Nb6
30.Rc6 a5 31.Rxc5 Rc8 32.Bf2 Nd7 33.Rb5 Nf6 34.Bc5+ Kg8 35.e5 Ne4 36.Bd6 Nd2
37.c5 Nb3 38.Rb1 Nd2 39.Ra1  1-0

[Event "Six Seasons GM"]
[Site "Dhaka BAN"]
[Date "2010.03.19"]
[Round "5"]
[White "Iuldachev,S"]
[Black "Roy Chowdhury,S"]
[Result "1/2-1/2"]
[WhiteElo "2511"]
[BlackElo "2429"]

1.e4 c5 2.Nc3 Nc6 3.Nge2 g6 4.d4 cxd4 5.Nxd4 Bg7 6.Be3 Nf6 7.Bc4 O-O 8.Bb3 d6
9.h3 Nxd4 10.Bxd4 Bd7 11.O-O a5 12.Nd5 Nxd5 13.exd5 a4 14.Bc4 e5 15.dxe6 Bxe6
16.Bxg7 Kxg7 17.Bxe6 fxe6 18.Qd4+ e5 19.Qb4 Qc7 20.Rad1 Ra6 21.f4 Rb6 22.Qxa4 Rxb2
23.fxe5 Rxf1+ 24.Rxf1 dxe5 25.Qe8 Qd6 26.c3 Kh6 27.a4 Rd2 28.Qb5 b6 29.Qc4 Rd1
30.Rxd1 Qxd1+ 31.Kf2 Qd2+ 32.Kf3 Qe1 33.Qd3 Kg7 34.Qe3 Qd1+ 35.Kg3 Qd6 36.Kf2 Kf6
37.Ke2 Ke6 38.g4 Qc6 39.Kd2 Qd7+ 40.Kc1 Qxa4 41.Qxb6+ Kd7 42.Kd2 Qa2+ 43.Kd3 Qd5+
44.Ke3 Qg2 45.Qb5+ Kd6 46.Qb8+ Ke6 47.Qe8+ Kd6 48.Qf8+ Ke6 49.Qf3 Qg1+ 50.Ke2 Qc5
51.g5 Qb5+ 52.Kf2 Qb6+ 53.Kg2 Qd8 54.Qg4+ Kf7 55.Qc4+ Kg7 56.h4 h6 57.gxh6+ Kxh6
58.Kg3 Qd6 59.Qe4 Qc5 60.c4 Qg1+ 61.Kf3 Qh1+ 62.Ke3 Qe1+ 63.Kd3 Qb1+  1/2-1/2

[Event "Dos Hermanas Blitz Final"]
[Site "ICC INT"]
[Date "2010.03.20"]
[Round "4.2"]
[White "Lastin,A"]
[Black "Zinchenko,Ya"]
[Result "1-0"]
[WhiteElo "2643"]
[BlackElo "2546"]

1.e4 c5 2.Nf3 Nc6 3.Nc3 d6 4.d4 cxd4 5.Nxd4 Nf6 6.Bg5 e6 7.Qd2 Qb6 8.Bxf6 gxf6
9.Nb3 Bd7 10.O-O-O O-O-O 11.f4 h5 12.Be2 Kb8 13.Rhf1 Na5 14.Kb1 Nxb3 15.axb3 Qa5
16.Rf3 Be7 17.Rh3 h4 18.Qe1 f5 19.Bf3 fxe4 20.Qxe4 Bc6 21.Qe1 d5 22.f5 Rd6
23.fxe6 fxe6 24.Bg4 Rh6 25.Qe5 Qd8 26.Rhd3 Rg6 27.h3 Rg5 28.Qe3 Bf6 29.Qf2 d4
30.Bf3 Rf5 31.Qe2 Bxf3 32.gxf3 Bh8 33.Ne4 Ra6 34.b4 Qd5 35.Rb3 Rf7 36.b5 Ra5
37.Qe1 b6 38.Qxh4 Be5 39.Qh5 Rc7 40.Nc3 Qd6 41.f4 Bxf4 42.Qh8+ Kb7 43.Ne4 Qe5
44.Qxe5 Bxe5 45.Ng5 Re7 46.Re1 Bd6 47.Rxe6 Rg7 48.h4 Be7 49.Re5 a6 50.bxa6+ Kxa6
51.Rxa5+ Kxa5 52.Rg3 Bd6 53.Rg4 Be5 54.Re4 Bf6 55.Ne6 Rg1+ 56.Ka2 Rh1 57.Nxd4 Rxh4
58.Rxh4 Bxh4 59.Kb3 Bf6 60.Nf3 Kb5 61.Ne1 Kc5 62.Nd3+ Kd5 63.Nf4+ Kc5 64.Nd3+ Kd5
65.Nb4+ Kc5 66.c3 Bh8 67.Nc2 Kb5 68.Na3+ Kc5 69.Nc4 Bg7 70.Ne3 Kb5 71.Nf5 Bf6
72.Nd6+ Kc5 73.Ne4+ Kd5 74.Nxf6+ Ke6 75.Nh5 Ke5 76.Ng3 Kd5 77.Ne2 Kc5 78.Nc1 Kc6
79.Kc2 Kb5 80.Nd3 Kc4 81.b3+ Kd5 82.b4 Kc6 83.Kb3 b5 84.c4 bxc4+ 85.Kxc4 Kd6
86.b5 Kc7 87.Nb4 Kb7 88.Kc5 Kc7 89.b6+ Kd7 90.Na6 Kc8 91.Kc6 Kd8 92.b7 Ke7
93.b8=Q Kf6 94.Qe8 Kf5 95.Kd5 Kg4 96.Qf7 Kg3 97.Qf5 Kg2 98.Qf4 Kh1 99.Qg4 Kh2
100.Ke4 Kh1 101.Kf3 Kh2 102.Qg2+  1-0

[Event "Six Seasons GM"]
[Site "Dhaka BAN"]
[Date "2010.03.21"]
[Round "8"]
[White "Roy Chowdhury,S"]
[Black "Rahman,SM"]
[Result "1-0"]
[WhiteElo "2429"]
[BlackElo "2294"]

1.e4 c5 2.Nc3 Nc6 3.Bb5 d6 4.f4 Bd7 5.Nf3 a6 6.Bxc6 Bxc6 7.O-O e6 8.d3 Nf6
9.Kh1 Be7 10.e5 Ng4 11.exd6 Qxd6 12.Qe2 Nf6 13.Ne5 O-O 14.Be3 Rad8 15.Bf2 Nd5
16.Bg3 Nxc3 17.bxc3 Bf6 18.Rae1 Rfe8 19.Qf2 Qd5 20.c4 Qd4 21.Qe2 Ba4 22.Ng4 Qc3
23.Nxf6+ Qxf6 24.Rf2 b5 25.cxb5 Bxb5 26.Rf3 Rc8 27.c4 Bc6 28.Re3 Red8 29.Re5 Qg6
30.Rd1 Ba4 31.Rd2 Rb8 32.Qf1 Rbc8 33.Bh4 Rd4 34.h3 Qh6 35.Bg3 Qg6 36.Kh2 h6
37.f5 exf5 38.Rxf5 Rcd8 39.Be5 Rxc4 40.Rf3 Qe6 41.Bxg7 Kxg7 42.Rg3+ Kh7 43.Re2 Rc1
44.Qf4 Qd5 45.Qxc1 Rg8 46.Rxg8 Kxg8 47.Qxh6 Qxd3 48.Re3  1-0

[Event "TCh-SUI 2010"]
[Site "Switzerland SUI"]
[Date "2010.03.21"]
[Round "2.7"]
[White "Kamber,B"]
[Black "Kellenberger,S"]
[Result "1/2-1/2"]
[WhiteElo "2309"]
[BlackElo "2144"]

1.e4 c5 2.Nc3 Nc6 3.Bb5 g6 4.Bxc6 bxc6 5.d3 Bg7 6.Nge2 d6 7.O-O Nf6 8.h3 O-O
9.Be3 Rb8 10.Rb1 Ne8 11.Qd2 Nc7 12.Bh6 e5 13.Bxg7 Kxg7 14.f4 f6 15.Nd1 Qe7
16.Ne3 Ne6 17.b3 Nd4 18.Rbe1 Be6 19.Ng3 Kh8 20.Rf2 a5 21.Ref1 Bg8 22.fxe5 Qxe5
23.Ne2 Nxe2+ 24.Rxe2 a4 25.Ref2 Be6 26.Rf4 axb3 27.axb3 Ra8 28.Qf2 Kg7 29.h4 Ra1
30.Rxa1 Qxa1+ 31.Kh2 Qe5 32.Qg3 Kf7 33.Nf1 Ke7 34.Nd2 g5 35.hxg5 fxg5 36.Rxf8 Qxg3+
37.Kxg3 Kxf8 38.e5 d5 39.c3 Ke7 40.Nf3 h6 41.d4 cxd4 42.Nxd4 c5 43.Nb5 Bf5
44.Nc7 Be4 45.Na6 d4 46.cxd4 cxd4 47.Nc5 Bd5 48.Kf2 h5 49.g3 h4 50.gxh4 gxh4
51.b4 Kd8 52.Nd3 Kd7 53.Nf4 Be4 54.Ne2 h3 55.Kg3 d3 56.Nc3 Bg2 57.b5 Ke6
58.b6 Kxe5 59.b7 Bxb7 60.Kxh3 Kd4 61.Nb1 Ke3 62.Kg4 Bd5 63.Kf5 Bb3 64.Ke5 Bc2
65.Na3 Bb3 66.Nb1 Ba2 67.Nc3 d2 68.Nd1+ Kd3 69.Nf2+ Kc2 70.Kd4 d1=Q+  1/2-1/2

[Event "4th G. Agzamov Mem"]
[Site "Tashkent UZB"]
[Date "2010.03.24"]
[Round "2"]
[White "Iuldachev,S"]
[Black "Dauletova,G"]
[Result "1-0"]
[WhiteElo "2511"]
[BlackElo "2212"]

1.e4 c5 2.Nc3 Nc6 3.Bb5 Nd4 4.Ba4 a6 5.Bb3 d6 6.Nge2 Nf6 7.O-O e6 8.d3 Nxb3
9.axb3 Be7 10.f4 O-O 11.Ng3 Bd7 12.e5 Nd5 13.Nce4 dxe5 14.fxe5 Qc7 15.c4 Nb4
16.Bf4 Bc6 17.Nf6+ Bxf6 18.exf6 Qd7 19.Be5 Qxd3 20.Qxd3 Nxd3 21.fxg7 Rfe8
22.Bf6 Nb4 23.Rac1 Rec8 24.Rc3 a5 25.Be5 Rd8 26.Nh5 Rd3 27.g4 Rd2  1-0

[Event "ch-Moscow KO"]
[Site "Moscow RUS"]
[Date "2010.03.25"]
[Round "1.3"]
[White "Balashov,Y"]
[Black "Novikov,St1"]
[Result "1/2-1/2"]
[WhiteElo "2396"]
[BlackElo "2558"]

1.e4 c5 2.Nf3 Nc6 3.Nc3 e6 4.Be2 Nf6 5.O-O d5 6.exd5 Nxd5 7.d4 Nxc3 8.bxc3 Be7
9.Bd3 O-O 10.Be4 h6 11.Re1 Qc7 12.Be3 Bf6 13.Qe2 cxd4 14.cxd4 b6 15.Ne5 Bb7
16.Ng4 Bxd4 17.Nxh6+ gxh6 18.Bxd4 Nxd4 19.Qg4+ Kh8 20.Bxb7 Rad8 21.Qh5 Qf4  1/2-1/2

[Event "ch-Moscow KO"]
[Site "Moscow RUS"]
[Date "2010.03.25"]
[Round "1.2"]
[White "Balashov,Y"]
[Black "Novikov,St1"]
[Result "1-0"]
[WhiteElo "2396"]
[BlackElo "2558"]

1.e4 c5 2.Nf3 Nc6 3.Nc3 e6 4.Be2 Nge7 5.O-O Nd4 6.Nxd4 cxd4 7.Nb5 Nc6 8.c3 a6
9.Nxd4 Nxd4 10.cxd4 d5 11.d3 Bd7 12.exd5 exd5 13.Bf3 Be6 14.Bf4 Bd6 15.Be5 O-O
16.Qb3 Qd7 17.Rac1 Rfc8 18.Bxd5 Bxe5 19.Bxe6 Bxh2+ 20.Kxh2 fxe6 21.Rc5 Rf8
22.Re5 Qxd4 23.Rxe6 Kh8 24.Re4 Qd6+ 25.Kg1 Rad8 26.d4 Qf6 27.Qe3 h6 28.Rd1 Rd6
29.Re8 Rd5 30.Rxf8+ Qxf8 31.Qe6 Rd6 32.Qe4 Qf7 33.d5 Qd7 34.Qe5 Kg8 35.Rd4 Kh8
36.a4 Kg8 37.a5 Kh8 38.b4 Kg8 39.Kh2 Kh8 40.g3 Kg8 41.Kg2 Kh8 42.Qe4 Kg8
43.Rd3 Qf7 44.Kg1 Qd7 45.Kh2 Qf7 46.Kg2 Qd7 47.Qe5 Kh7 48.Qe4+ Kg8 49.g4 Qf7
50.Kg3 Qd7 51.Rd4 Qf7 52.Rc4 Qxd5 53.Rc8+ Kf7 54.Rc7+ Kg8 55.Qxd5+ Rxd5 56.Rxb7 Rd4
57.f3 Rc4 58.Kf2 Rc3 59.Ke2 Kh7 60.Rb6 Rc4 61.Kd3 Rf4 62.Rxa6 Rxb4 63.Rb6 Rf4
64.Ke3 Ra4 65.a6 g5 66.Kd3 Ra3+ 67.Kc4 Rxf3 68.Kb5 Rb3+ 69.Kc6 Ra3 70.Kb7 h5
71.gxh5 g4 72.a7  1-0

[Event "4th G. Agzamov Mem"]
[Site "Tashkent UZB"]
[Date "2010.03.25"]
[Round "3"]
[White "Guseinov,G"]
[Black "Rakhmatullin,K"]
[Result "1-0"]
[WhiteElo "2609"]
[BlackElo "2314"]

1.e4 c5 2.Nf3 Nc6 3.Nc3 d6 4.d4 cxd4 5.Nxd4 Nf6 6.Bg5 e6 7.Qd2 Be7 8.O-O-O a6
9.f4 h6 10.Bxf6 gxf6 11.Be2 Bd7 12.Bh5 Qb6 13.Nb3 Rh7 14.Kb1 O-O-O 15.Rhe1 Bf8
16.Re3 Rg7 17.g3 Kb8 18.a3 Be8 19.Qe1 Rc8 20.Na2 Be7 21.Rc3 Rc7 22.Qf1 Na5
23.Nxa5 Qxa5 24.f5 Bc6 25.Qf4 Rh7 26.Qg4 Rc8 27.Nb4 Qe5 28.Nxc6+ bxc6 29.Qe2 Ka7
30.Rb3 Rc7 31.Qd3 c5 32.Qc4 exf5 33.Be2 fxe4  1-0

[Event "4th G. Agzamov Mem"]
[Site "Tashkent UZB"]
[Date "2010.03.26"]
[Round "4"]
[White "Ismagambetov,An"]
[Black "Filippov,An UZB"]
[Result "1/2-1/2"]
[WhiteElo "2508"]
[BlackElo "2598"]

1.e4 c5 2.Nf3 Nc6 3.Nc3 d6 4.b3 g6 5.Bb2 Bg7 6.Bb5 e5 7.Bc4 Nf6 8.O-O O-O
9.d3 a6 10.a4 Rb8 11.Bc1 Bg4 12.Be3 Nd4 13.Bxd4 exd4 14.Nd5 Nd7 15.b4 Ne5
16.bxc5 Bh6 17.cxd6 Qxd6 18.Re1 Qd8 19.Nxe5 Bxd1 20.Rexd1 Bg7 21.Nf3 b5 22.Bb3 b4
23.Re1 Re8 24.Re2 Be5 25.Nd2 Bg7 26.Rae1 Qd6 27.f4 Rbd8 28.g3 Qc5 29.Kg2 h6
30.Bc4 Kh7 31.Bb3 f5 32.Kf1 Kh8 33.Nf3 fxe4 34.dxe4 a5 35.Rd1 Kh7 36.Ne1 Qc8
37.Nd3 Qc6 38.Rde1 Rd6 39.Kf2 Rd7 40.Kg2 Rdd8 41.Kf2 Rd7 42.Rf1 Rd6 43.Rfe1 Qd7
44.Kg2 Rc8 45.Kf2 Re8 46.Kg2 Qc6  1/2-1/2

[Event "Victor Ciocaltea Mem"]
[Site "Bucharest ROU"]
[Date "2010.03.27"]
[Round "5"]
[White "Doros,R"]
[Black "Murariu,A"]
[Result "0-1"]
[WhiteElo "2319"]
[BlackElo "2479"]

1.e4 c5 2.Nc3 Nc6 3.Nge2 d6 4.d4 cxd4 5.Nxd4 Nf6 6.Bg5 Bd7 7.Qd2 Rc8 8.O-O-O Nxd4
9.Qxd4 Qa5 10.Bd2 a6 11.Bc4 Qc5 12.Qxc5 Rxc5 13.Bb3 g6 14.Be3 Rc8 15.Bd4 Bh6+
16.Kb1 e5 17.Ba7 Rxc3 18.bxc3 Nxe4 19.Kb2 Ke7 20.Rhe1 Bc6 21.f3 Nf6 22.Bb6 Rc8
23.Ba5 Ne8 24.Bb4 f6 25.a4 Bd7 26.a5 Be6 27.Bd5 Bxd5 28.Rxd5 Ke6 29.Red1 Rc6
30.Kb3 f5 31.c4 Be3 32.Re1 f4 33.Bd2 Bxd2 34.Rxd2 Nf6 35.Red1 g5 36.Kb4 h5
37.g3 g4 38.Rf2 d5 39.c5 fxg3 40.hxg3 d4 41.Rh1 Nd5+ 42.Kc4 Ne3+ 43.Kd3 Rxc5
44.Ke4 Rc3 45.Rxh5 Nf5  0-1

[Event "ch-VIE"]
[Site "Ho Chi Minh City VIE"]
[Date "2010.03.28"]
[Round "5"]
[White "Cao Sang"]
[Black "Pham Chuong"]
[Result "1/2-1/2"]
[WhiteElo "2557"]
[BlackElo "2370"]

1.e4 c5 2.Nc3 Nc6 3.Nf3 g6 4.Bc4 Bg7 5.O-O e6 6.d4 Nxd4 7.Nxd4 cxd4 8.Nb5 Qb6
9.c3 a6 10.Nxd4 Ne7 11.Bb3 O-O 12.Bg5 Re8 13.Qf3 Nc6 14.Bf6 Ne5 15.Qf4 Qc5
16.Rad1 b6 17.Bxg7 Kxg7 18.Qg3 d6 19.Kh1 Ra7 20.Rd2 Rc7 21.Rfd1 Bb7 22.f3 b5
23.Ne2 Rd7 24.Nf4 Nc4 25.Nd3 Qc7 26.Bxc4 bxc4 27.Ne5 Rdd8 28.Ng4 f5 29.Ne3 fxe4
30.Rxd6 Rxd6 31.Qe5+ Kf8 32.Rxd6 exf3 33.gxf3 Qf7 34.Kg1 Bxf3 35.Rd4 Kg8
36.Rf4 Qb7 37.Rxc4 Qg7 38.Qg3 Rf8 39.Rf4 Rxf4 40.Qxf4 Qf7 41.Qe5 h5 42.c4 Bc6
43.b4 Kh7 44.b5 axb5 45.cxb5 Ba8 46.a4 Qa7 47.Qxe6 Qxa4 48.Qe7+ Kg8 49.Qd8+ Kh7
50.Qc7+ Kh6 51.Qe5 Kh7 52.Kf2 Qa2+ 53.Kg3 Qf7 54.b6 Qf3+ 55.Kh4 Be4 56.Qe7+ Kh6
57.Qg5+ Kh7 58.Qe7+ Kh6 59.Qg5+ Kh7 60.Qg3 Qf6+ 61.Qg5 Qf3 62.Qg3 Qf6+ 63.Qg5 Qf3  1/2-1/2

[Event "ch-VIE"]
[Site "Ho Chi Minh City VIE"]
[Date "2010.03.28"]
[Round "5"]
[White "Doan Van Duc"]
[Black "Nguyen Van Toan Thanh"]
[Result "1-0"]
[WhiteElo "2104"]
[BlackElo "1875"]

1.e4 c5 2.Nf3 Nc6 3.Nc3 e6 4.Bb5 Nd4 5.Bc4 Ne7 6.Nxd4 cxd4 7.Ne2 d5 8.exd5 Nxd5
9.d3 Bc5 10.O-O O-O 11.Nf4 Nb6 12.Bb3 e5 13.Ne2 Nd5 14.Ng3 b6 15.Re1 Re8
16.Qh5 g6 17.Qf3 Bb7 18.h4 Qd7 19.Ne4 Be7 20.Bg5 f5 21.Nf6+ Bxf6 22.Bxf6 Qd6
23.Bg5 Kg7 24.h5 Bc6 25.Qh3 h6 26.Bd2 Kh7 27.c3 dxc3 28.bxc3 f4 29.Bc2 Bd7
30.hxg6+ Kg7 31.Qf3 Bf5 32.Ba4 Rec8 33.c4 Nf6 34.Bc3 Qxd3 35.Qb7+ Kxg6 36.Bxe5 Qxc4
37.Bb3 Be4 38.Rxe4 Qc1+ 39.Re1  1-0

[Event "4th G. Agzamov Mem"]
[Site "Tashkent UZB"]
[Date "2010.03.28"]
[Round "6"]
[White "Dzhumaev,M"]
[Black "Zhigalko,S"]
[Result "0-1"]
[WhiteElo "2525"]
[BlackElo "2648"]

1.e4 c5 2.Nf3 Nc6 3.Nc3 Nf6 4.Bb5 Qc7 5.d3 d6 6.Bg5 e6 7.Qe2 Bd7 8.O-O-O Be7
9.Bxc6 Bxc6 10.d4 cxd4 11.Nxd4 a6 12.f4 O-O 13.h4 Rfe8 14.f5 Bd7 15.fxe6 fxe6
16.h5 h6 17.Bh4 b5 18.g4 b4 19.Nb1 Qa5 20.g5 Nh7 21.Nf3 Nxg5 22.Bxg5 Bxg5+
23.Nxg5 Qxg5+ 24.Nd2 Bb5 25.Qh2 Qe5 26.Qg2 Rac8 27.Kb1 Re7 28.Rhg1 Rec7 29.Rc1 Qxh5
30.Nf3 Qf7 31.Nh2 Qf4 32.Ng4 Bd3 33.Nf2 Be2 34.Rce1 Qf3 35.Qh2 Rxc2 36.Qxd6 Qxf2
37.Qxe6+ Kh8 38.Qe5 Qf6  0-1

[Event "17th TCh-RUS Higher League"]
[Site "Dagomys RUS"]
[Date "2010.04.02"]
[Round "1"]
[White "Nikolenko,O"]
[Black "Lyaskovsky,Va"]
[Result "1-0"]
[WhiteElo "2534"]
[BlackElo "2271"]

1.e4 c5 2.Nc3 Nc6 3.Nge2 Nf6 4.g3 g6 5.d4 cxd4 6.Nxd4 Qa5 7.Nb3 Qc7 8.Bg2 Bg7
9.O-O O-O 10.Bg5 h6 11.Bxf6 Bxf6 12.Nd5 Qd6 13.f4 Bxb2 14.e5 Qb8 15.Rb1 Ba3
16.Qg4 e6 17.Nf6+ Kg7 18.Qh4 d5 19.g4 Be7 20.c4 dxc4 21.Bxc6 Qc7 22.Be4 cxb3
23.Rxb3 Rh8 24.Rh3 Bd7 25.f5 Bb5 26.fxg6 fxg6 27.Nh5+ Kg8 28.Nf6+ Kg7 29.Nh5+ Kg8
30.Nf6+ Kg7 31.Nh5+ gxh5 32.Rf7+ Kg8 33.Qxe7 Qxe7 34.Rxe7 hxg4 35.Rb3 Re8
36.Rxe8+ Bxe8 37.Rxb7 a5 38.Kf2 Kf8 39.Ra7 a4 40.Bc2 Rg8 41.Bxa4 Bxa4 42.Rxa4 Rg5
43.Re4 Rf5+ 44.Kg3 Ke7 45.Kxg4 Rf2 46.h4 Rxa2 47.Kh5 Rf2 48.Kxh6 Kf7 49.Rg4 Rf1
50.h5 Rh1 51.Rg7+ Kf8 52.Rg5 Kf7 53.Kh7 Re1 54.h6 Re2 55.Rg7+ Kf8 56.Kg6 Rg2+
57.Kf6 Rh2 58.Rg6 Rh1 59.Kxe6 Rh5 60.Rf6+ Ke8 61.Kd6 Rh1 62.Re6+ Kd8 63.Rg6 Ke8
64.e6 Rd1+ 65.Ke5 Rf1 66.h7 Rh1 67.Kf6 Rf1+ 68.Kg7 Ke7 69.h8=Q  1-0

[Event "Philadelphia Open"]
[Site "Philadelphia USA"]
[Date "2010.04.02"]
[Round "4"]
[White "Stripunsky,A"]
[Black "Uribe,M"]
[Result "1/2-1/2"]
[WhiteElo "2559"]
[BlackElo "2398"]

1.e4 c5 2.Nc3 Nc6 3.Bb5 e6 4.Bxc6 bxc6 5.d3 e5 6.f4 exf4 7.Bxf4 d6 8.Nge2 Ne7
9.d4 Ng6 10.dxc5 Nxf4 11.Nxf4 Qg5 12.Qf3 Qxc5 13.O-O-O Be7 14.e5 d5 15.Nh5 O-O
16.Qg3 g6 17.Nf6+ Bxf6 18.exf6 Re8 19.Rhe1 Bf5 20.Qf4 h5 21.h3 d4 22.Qh6 Qf8
23.Rxe8 Rxe8 24.Qxf8+ Kxf8 25.Rxd4 g5 26.g4 hxg4 27.hxg4 Bg6 28.Kd2 Re6 29.Rd8+ Re8
30.Rd6 Re6 31.Rd8+ Re8 32.Rxe8+ Kxe8 33.Ke3 Bxc2 34.Kd4 Kd7 35.Ke5 a5 36.a3 Kc7
37.Ne2 Bd1 38.Ng3 Bxg4 39.Ne4 Be6 40.Nxg5 Bd5 41.Nh3 Bc4 42.Nf4 Bf1 43.Ne6+ Kd7
44.Nc5+ Kc7 45.Nb3 a4 46.Nc5 Bb5 47.Ne4 Bd3 48.Nc5 Bb5 49.Ne6+ Kd7 50.Nd4 Bc4
51.Nf5 c5 52.Nd6 Ba2 53.Ne4 Kc6 54.Kf4 Bb3 55.Nd2 Ba2 56.Ke5 Bd5 57.Nb1 Ba2
58.Nc3 Bb3 59.Ne4 Ba2 60.Nd6 Be6 61.Ne4 Ba2  1/2-1/2

[Event "Doeberl Cup"]
[Site "Canberra AUS"]
[Date "2010.04.03"]
[Round "6"]
[White "Scott,R"]
[Black "Brown,An"]
[Result "1-0"]
[WhiteElo "2266"]
[BlackElo "2149"]

1.e4 c5 2.Nf3 Nc6 3.Nc3 e5 4.Bc4 g6 5.Nd5 Bg7 6.d3 h6 7.h4 d6 8.h5 g5 9.Nh2 f5
10.exf5 Bxf5 11.Nf1 Bd7 12.a4 Nf6 13.Nfe3 Rf8 14.c3 Ne7 15.Qb3 Nexd5 16.Nxd5 Bc6
17.Be3 Qd7 18.a5 Rb8 19.a6 b6 20.Ra3 Kd8 21.Nxf6 Rxf6 22.Bd5 Kc7 23.O-O b5
24.Bxc6 Kxc6 25.d4 exd4 26.cxd4 c4 27.d5+ Kxd5 28.Qd1+ Kc6 29.Re1 Rf5 30.b3 b4
31.Ra2 c3 32.Qd3 Qe6 33.Rd1 Qxb3 34.Qc2 Qe6 35.Bxa7 Ra8 36.Be3 g4 37.a7 Rxh5
38.Ra6+ Kc7 39.Rdxd6 Qxd6 40.Rxd6 Be5 41.Ra6 Bh2+ 42.Kf1 Rd5 43.Qg6  1-0

[Event "21st Pobeskydi Arcelor Mittal Cup"]
[Site "Frydek-Mistek CZE"]
[Date "2010.04.04"]
[Round "7"]
[White "Nguyen,Di"]
[Black "Nayhebaver,Martin"]
[Result "1/2-1/2"]
[WhiteElo "2192"]
[BlackElo "1970"]

1.e4 c5 2.Nf3 Nc6 3.Nc3 Nf6 4.Bb5 g6 5.Qe2 a6 6.e5 Nb4 7.d3 Nfd5 8.Nxd5 Nxd5
9.Bc4 Nb6 10.Bb3 Bg7 11.Bf4 O-O 12.O-O d6 13.h3 d5 14.c3 Bd7 15.Qe3 Rc8 16.Bh6 Bf5
17.Bxg7 Kxg7 18.Nh4 e6 19.Nf3 h5 20.Rad1 Nd7 21.Rfe1 c4 22.Bc2 Nc5 23.Nd4 Bxd3
24.Bxd3 Nxd3 25.Re2 Qh4 26.Nf3 Qe7 27.Nd4 b5 28.a3 Rc7 29.f4 Qh4 30.Rf1 Kh7
31.g3 Qe7  1/2-1/2

[Event "Philadelphia Open"]
[Site "Philadelphia USA"]
[Date "2010.04.04"]
[Round "8"]
[White "Friedel,J"]
[Black "Zenyuk,I"]
[Result "1-0"]
[WhiteElo "2543"]
[BlackElo "2263"]

1.Nc3 c5 2.Nf3 Nc6 3.e4 g6 4.Bb5 Nd4 5.O-O Bg7 6.Re1 Nxb5 7.Nxb5 a6 8.Nc3 d6
9.d3 Nf6 10.e5 dxe5 11.Nxe5 O-O 12.Qf3 Ra7 13.a4 Be6 14.Be3 Qc7 15.Bf4 Qd8
16.a5 Nh5 17.h3 Nxf4 18.Qxf4 Qd6 19.Qe4 b5 20.axb6 Qxb6 21.Na4 Qb5 22.c4 Qb3
23.Ra3 Qc2 24.Qe3 Bxe5 25.Qxe5 Rb7 26.Qe3  1-0

[Event "Doeberl Cup"]
[Site "Canberra AUS"]
[Date "2010.04.05"]
[Round "9"]
[White "Roy Chowdhury,S"]
[Black "Zhao Zong Yuan"]
[Result "1-0"]
[WhiteElo "2429"]
[BlackElo "2592"]

1.e4 c5 2.Nf3 Nc6 3.Nc3 g6 4.d4 cxd4 5.Nxd4 Bg7 6.Be3 Nf6 7.Bc4 O-O 8.Bb3 d6
9.h3 Na5 10.O-O b6 11.Re1 Bb7 12.Bg5 Nxb3 13.axb3 h6 14.Bxf6 Bxf6 15.Nd5 Bg7
16.c4 e6 17.Nc3 a6 18.Qd3 Qc7 19.Rad1 Rad8 20.Re2 Rfe8 21.Red2 Kh8 22.Qg3 Qc5
23.Kh1 Kh7 24.Nf3 Bxc3 25.bxc3 Bxe4 26.Rxd6 Rxd6 27.Rxd6 e5 28.Rd7 Kg7 29.b4 Qxc4
30.Nxe5 Qf1+ 31.Kh2 Rf8 32.Nxf7 Kg8 33.Ne5  1-0

[Event "17th TCh-RUS Higher League"]
[Site "Dagomys RUS"]
[Date "2010.04.05"]
[Round "4"]
[White "Maslak,K"]
[Black "Frolyanov,D"]
[Result "1/2-1/2"]
[WhiteElo "2560"]
[BlackElo "2586"]

1.e4 c5 2.Nf3 Nc6 3.Nc3 Nf6 4.Bb5 Qc7 5.d3 e6 6.O-O d6 7.Re1 Bd7 8.Bf4 a6
9.Bxc6 Bxc6 10.e5 Nd7 11.exd6 Bxd6 12.Bxd6 Qxd6 13.a4 O-O 14.Nd2 b5 15.Nb3 Rab8
16.axb5 axb5 17.Qe2 Ba8 18.f3 Rfc8 19.Qe3 c4 20.Nd4 cxd3 21.Ndxb5 Qc5 22.Qxc5 Nxc5
23.cxd3 Bc6  1/2-1/2

[Event "Sydney Int Open"]
[Site "Parramatta AUS"]
[Date "2010.04.08"]
[Round "3"]
[White "Illingworth,M"]
[Black "Stojic,S"]
[Result "1-0"]
[WhiteElo "2289"]
[BlackElo "2013"]

1.e4 c5 2.Nc3 Nc6 3.Bb5 g6 4.Bxc6 bxc6 5.d3 Bg7 6.f4 d6 7.Nf3 Nf6 8.O-O O-O
9.Qe1 Rb8 10.Qh4 Ba6 11.f5 c4 12.d4 d5 13.e5 Ne4 14.e6 f6 15.fxg6 hxg6 16.Nxe4 dxe4
17.Qxe4 f5 18.Qe2 Qd5 19.c3 Rf6 20.Bf4 Rb6 21.Rae1 c5 22.Be5 Rfxe6 23.Qf2 cxd4
24.Bxg7 Kxg7 25.Rxe6 Rxe6 26.Nxd4 Re4 27.Nf3 Bb7 28.h3 a5 29.Re1 e5 30.Rxe4 fxe4
31.Ne1 a4 32.Nc2 Qd3 33.Ne3 a3 34.bxa3 Qxc3 35.Qg3 Qd4 36.Kh2 Bc8 37.h4 c3
38.h5 Qd6 39.Nc4 Qf6 40.Qxc3 gxh5 41.Nxe5 Be6 42.Qg3+ Kh7 43.Qc3 h4 44.Kg1 Qf4
45.Qc5 Qg5 46.Nd7 Qxc5+ 47.Nxc5 Bd5 48.a4 Kg6 49.Na6 e3 50.Nb4 e2 51.Nd3 Bc4
52.Ne1 Bxa2 53.Kf2 Bc4 54.Nf3 Kh5 55.a5 Ba6 56.Nd4 Kg4 57.Nxe2 h3 58.gxh3+ Kxh3
59.Nd4 Kg4 60.Ke3 Bb7 61.Nb5 Bc6 62.Nd6 Ba8 63.a6 Kg5 64.Nb7 Kf6 65.Kd4 Ke6
66.Kc5 Kd7 67.Kb6 Kc8 68.Ka7 Kc7 69.Kxa8 Kb6 70.Nc5  1-0

[Event "Sydney Int Open"]
[Site "Parramatta AUS"]
[Date "2010.04.08"]
[Round "4"]
[White "Deen Cowell,N"]
[Black "Broekhuyse,P"]
[Result "1/2-1/2"]
[WhiteElo "1896"]
[BlackElo "2108"]

1.e4 c5 2.Nc3 Nc6 3.Bb5 Nd4 4.Bc4 g6 5.Nf3 Bg7 6.Nxd4 cxd4 7.Qf3 e6 8.Nb5 d6
9.O-O a6 10.Na3 Ne7 11.Bb3 b5 12.c4 Rb8 13.d3 O-O 14.Qe2 Kh8 15.cxb5 axb5
16.Bd2 e5 17.f4 f5 18.Nc2 Bb7 19.Nb4 Qd7 20.Rae1 fxe4 21.dxe4 Rbe8 22.Qd3 Rc8
23.h3 Ba8 24.Qg3 Rce8  1/2-1/2

[Event "FSIM April"]
[Site "Budapest HUN"]
[Date "2010.04.09"]
[Round "7"]
[White "Lengyel,B"]
[Black "Szabo,Ben"]
[Result "0-1"]
[WhiteElo "2267"]
[BlackElo "2326"]

1.e4 c5 2.Nf3 Nc6 3.Nc3 Nf6 4.e5 Ng4 5.Qe2 Qc7 6.Nd5 Qb8 7.d4 e6 8.h3 exd5
9.hxg4 cxd4 10.Bf4 Bb4+ 11.Kd1 Bc5 12.Qd2 d6 13.exd6 Bxd6 14.Qe1+ Be6 15.Bd2 Qc7
16.Bb5 O-O-O 17.Bxc6 Qxc6 18.Nxd4 Bxg4+ 19.Kc1 Qa4 20.Be3 Kb8 21.Rh4 Qd7
22.Qa5 Be7 23.Bf4+ Ka8 24.Rh1 Rc8 25.Be3 Bc5 26.a4 Be6 27.Qd2 h6 28.Kb1 Rhd8
29.a5 a6 30.b3 Bf5 31.Rc1 Bg6 32.Kb2 Qg4 33.g3 Qe4 34.Ra4 Qe5 35.c3 Qe7 36.b4 Ba7
37.Nb3 Bxe3 38.fxe3 Qd7 39.Ra3 Re8 40.Nd4 Qe7 41.Re1 Qd6 42.Qf2 Re7 43.Nb3 Rc4
44.Nc5 Qe5 45.Rb3 Rg4 46.Na4 Rxg3 47.Nb6+ Kb8 48.Qd2 Be4 49.b5 axb5 50.Rxb5 Rg2
51.Re2 Qh2 52.Rxg2 Qxg2 53.Qxg2 Bxg2 54.Kc1 Rxe3 55.Rc5 Re8 56.Nd7+ Ka7 57.Rc7 Bh3
58.Nc5 Rc8 59.Rxb7+ Ka8 60.Rb5 Bf1  0-1

[Event "59th ch-BUL w"]
[Site "Dupnitsa BUL"]
[Date "2010.04.11"]
[Round "4"]
[White "Sirkova,D"]
[Black "Nikolova,A"]
[Result "0-1"]
[WhiteElo "2084"]
[BlackElo "2348"]

1.e4 c5 2.Nc3 Nc6 3.Bb5 Nd4 4.Ba4 Qa5 5.Nf3 b5 6.Nxd4 cxd4 7.Nxb5 Qxa4 8.Nc7+ Kd8
9.Nxa8 Bb7 10.d3 Bxa8 11.O-O e6 12.c3 Qxd1 13.Rxd1 Bc5 14.b4 Bd6 15.cxd4 Bxb4
16.Rb1 Bd6 17.Ba3 Bc7 18.Bc5 Ne7 19.Bxa7 Nc6 20.Bc5 d6 21.Ba3 Nxd4 22.Rb4 e5
23.Ra4 Bc6 24.Ra6 Kd7 25.Bb2 Ne2+ 26.Kf1 Nf4 27.g3 Ne6 28.Ke2 Rb8 29.Ba1 Bb6
30.Rb1 Bc7 31.Rc1 Bb5 32.Ra7 Nc5 33.Bxe5 dxe5 34.Rxc5 Bc6 35.Rxe5 Rb2+ 36.Kf1 Kd6
37.Rf5 f6 38.Ra6 Bb6 39.h4 Kc7 40.Ra3 Bd4 41.Rf3 Bd7 42.Ra5 Bg4 43.Rf4 Be2+
44.Kg2 Be5 45.Rxe5 fxe5 46.Rf7+ Kd6 47.Rxg7 Bxd3 48.Kf3 h5 49.Ke3 Be2 50.Rg6+ Ke7
51.Rg5 Kf6 52.f3 Bc4 53.Rf5+ Ke6 54.f4 Re2+ 55.Kf3 exf4 56.Kxf4 Rf2+ 57.Kg5 Rg2
58.Kxh5 Rxg3 59.a4 Be2+ 60.Kh6 Rg4 61.Ra5 Rxh4+ 62.Kg5 Rh5+  0-1

[Event "UKM KL Masters"]
[Site "Kuala Lumpur INA"]
[Date "2010.04.16"]
[Round "4"]
[White "Iuldachev,S"]
[Black "Situru,N"]
[Result "1/2-1/2"]
[WhiteElo "2511"]
[BlackElo "2358"]

1.e4 c5 2.Nc3 Nc6 3.Bb5 Nd4 4.Bc4 e6 5.Nge2 a6 6.Nxd4 cxd4 7.Ne2 b5 8.Bb3 Bb7
9.d3 Bc5 10.O-O Ne7 11.Ng3 Qc7 12.Qg4 g6 13.Bg5 h6 14.Bf6 Rh7 15.Ne2 Qb6
16.c3 dxc3 17.Bxc3 h5 18.Qh4 Ng8 19.Rac1 a5 20.a4 Bc6 21.axb5 Bxb5 22.Bc4 Bxc4
23.dxc4 Be7 24.Qg3 Nf6 25.Qf3 Ng8 26.Rfd1 h4 27.h3 Qb7 28.Nd4 Nf6 29.Re1 d6
30.Nb5 Nd7 31.e5 d5 32.Nd6+ Bxd6 33.exd6 Rh5 34.Rcd1 Nb6 35.b3 Ra7 36.Bd4 Ra6
37.Bxb6 Rxb6 38.cxd5 Rxd6 39.dxe6 Qxf3 40.exf7+ Kxf7 41.gxf3 Rxd1 42.Rxd1 Rb5
43.Rd3 Rb4 44.Kg2 Kf6 45.Rd6+ Kf7 46.Rd5 Rxb3 47.Rxa5 Kf6 48.f4 Rb4 49.Kf3 Rb2
50.Ra6+ Kf5 51.Ra5+ Kf6 52.Rg5 Rb3+ 53.Kg4 Rb2 54.f5 Rxf2 55.Rxg6+ Kf7 56.Rh6 Rg2+
57.Kf4 Rf2+ 58.Kg4 Rg2+ 59.Kxh4 Rg1 60.Ra6 Rf1 61.Kg4 Rg1+ 62.Kf4 Rf1+ 63.Ke4 Re1+
64.Kf3 Rf1+ 65.Kg4 Rg1+ 66.Kh5 Rf1 67.Kg5 Rg1+ 68.Kh6 Rf1 69.Ra7+ Kf6 70.h4 Rxf5
71.h5 Rb5 72.Ra1 Kf7 73.Rf1+ Kg8 74.Rf6 Rb7 75.Rg6+ Kh8 76.Re6 Rh7+ 77.Kg6 Rg7+  1/2-1/2

[Event "UKM KL Masters"]
[Site "Kuala Lumpur INA"]
[Date "2010.04.17"]
[Round "6"]
[White "Iuldachev,S"]
[Black "Ankit,R"]
[Result "1/2-1/2"]
[WhiteElo "2511"]
[BlackElo "2334"]

1.e4 c5 2.Nc3 Nc6 3.Nge2 g6 4.d4 cxd4 5.Nxd4 Bg7 6.Be3 Nf6 7.Bc4 O-O 8.Bb3 d6
9.h3 Bd7 10.O-O a6 11.f4 Qa5 12.Qf3 Rac8 13.Rad1 b5 14.Rfe1 b4 15.Nd5 Nxd5
16.exd5 Nxd4 17.Bxd4 Bxd4+ 18.Rxd4 Qc5 19.Qf2 Rfe8 20.Rde4 Kf8 21.Qxc5 dxc5
22.c3 a5 23.Bc4 Rb8 24.R1e2 Rb6 25.Kf2 a4 26.R4e3 bxc3 27.Rxc3 Rb4 28.Kf3 Reb8
29.b3 Bb5 30.Bxb5 R8xb5 31.Ree3 axb3  1/2-1/2